A report on the weed flora of the irrigation channnels in Egypt.

محفوظ في:

المؤلف الرئيسي: Simpson, Norman Douglas.

مؤلف مشترك: Egypt. Wizarat al-Ashghal al-Umumiyah.

التنسيق: كتاب

اللغة: English

منشور في: Cairo : Govt. Press, 1932.

الموضوعات:

الوسوم: إضافة وسم

لا توجد وسوم, كن أول من يضع وسما على هذه التسجيلة!

رقم الطلب: (F) QK403 .S2

LEADER 00755cam a2200241M 4500
001 ocm63367302
003 OCoLC
005 20240131103417.0
008 870515s1932 ua a f000 0 eng d
043 |a f-ua--- 
050 4 |a (F) QK403  |b .S2 
100 1 |a Simpson, Norman Douglas. 
245 1 2 |a A report on the weed flora of the irrigation channnels in Egypt. 
264 1 |a Cairo :  |b Govt. Press,  |c 1932. 
300 |a 124 pages :  |b illustrations ;  |c 34 cm 
336 |a text  |b txt  |2 rdacontent 
337 |a unmediated  |b n  |2 rdamedia 
338 |a volume  |b nc  |2 rdacarrier 
500 |a At head of title: Ministry of Public Works, Egypt. 
650 0 |a Botany  |z Egypt. 
650 0 |a Weeds  |z Egypt. 
710 1 |a Egypt.  |b Wizarat al-Ashghal al-Umumiyah. 
999 |c 55752  |d 55752